[Event "EOBCC 2020"]
[Site "Online"]
[Date "2020.12.18"]
[Round "11.44"]
[White "Bykhovsky, Avigdor"]
[Black "Smirin, Ilia"]
[Result "0-1"]
[WhiteElo "2400"]
[BlackElo "2614"]
[Annotator "ChessBase"]
[PlyCount "102"]
[EventDate "2020.12.18"]
[EventType "tourn"]
[EventCountry "NET"]
[SourceTitle "playchess.com"]
[Source "ChessBase"]
[SourceQuality "1"]

1. d4 Nf6 2. c4 e6 3. Nc3 Bb4 4. f3 d5 5. a3 Be7 6. e4 dxe4 7. fxe4 c5 8. d5 exd5 9. exd5 O-O 10. Be2 Re8 11. Nf3 Bg4 12. O-O Nbd7 13. h3 Bxf3 14. Bxf3 Bd6 15. b3 Be5 16. Bb2 Bd4+ 17. Kh1 Ne5 18. Na4 Bxb2 19. Nxb2 Qd6 20. Nd3 Nxd3 21. Qxd3 Re5 22. Rae1 Rae8 23. Rxe5 Rxe5 24. Qc3 g6 25. Re1 Nd7 26. Rxe5 Nxe5 27. Be2 f5 28. Qe3 Kg7 29. b4 b6 30. bxc5 bxc5 31. Qb3 Qb6 32. Qxb6 axb6 33. Kg1 Nf7 34. Kf2 Kf6 35. Ke3 Ke5 36. g3 Nd6 37. h4 Ne4 38. Kf3 h6 39. Bd3 Nf6 40. Ke3 Ng4+ 41. Kf3 Kd4 42. d6 Kxd3 43. Kf4 Nf6 44. Ke5 Nd7+ 45. Ke6 Nb8 46. Kf6 Kxc4 47. Kxg6 Kd5 48. Kxh6 c4 49. Kg7 c3 50. h5 c2 51. h6 c1=Q 0-1

[Event "EOBCC 2020"]
[Site "Online"]
[Date "2020.12.18"]
[Round "11.45"]
[White "Tomczak, Jacek"]
[Black "Baghdasaryan, Vahe"]
[Result "1-0"]
[WhiteElo "2610"]
[BlackElo "2364"]
[Annotator "ChessBase"]
[PlyCount "49"]
[EventDate "2020.12.18"]
[EventType "tourn"]
[EventCountry "NET"]
[SourceTitle "playchess.com"]
[Source "ChessBase"]
[SourceQuality "1"]

1. e4 c5 2. Nf3 e6 3. d4 cxd4 4. Nxd4 Nc6 5. Nc3 Nf6 6. Nxc6 bxc6 7. e5 Nd5 8. Ne4 Qc7 9. f4 f5 10. exf6 gxf6 11. Bd3 Be7 12. O-O f5 13. Qh5+ Kd8 14. Ng5 Qb6+ 15. Kh1 Nf6 16. Qe2 Kc7 17. Be3 Qxb2 18. Rab1 Qa3 19. Bd4 h6 20. Rb3 Qa4 21. Qe5+ d6 22. Nxe6+ Bxe6 23. Qxe6 Nd5 24. Bxh8 Rxh8 25. Rfb1 1-0

[Event "EOBCC 2020"]
[Site "Online"]
[Date "2020.12.18"]
[Round "11.46"]
[White "Durarbayli, Vasif"]
[Black "Ruperez Benito, Antonio"]
[Result "1-0"]
[WhiteElo "2606"]
[BlackElo "2363"]
[Annotator "ChessBase"]
[PlyCount "57"]
[EventDate "2020.12.18"]
[EventType "tourn"]
[EventCountry "NET"]
[SourceTitle "playchess.com"]
[Source "ChessBase"]
[SourceQuality "1"]

1. e4 e6 2. d4 d5 3. e5 c5 4. c3 Qb6 5. Nf3 Nc6 6. Be2 Bd7 7. O-O Nh6 8. Bxh6 gxh6 9. Qd2 Rg8 10. Na3 O-O-O 11. dxc5 Bxc5 12. b4 Bf8 13. Qf4 Rg7 14. Rab1 Kb8 15. c4 Nxb4 16. Nc2 Qa5 17. Nxb4 Bxb4 18. cxd5 Bc5 19. g3 Rdg8 20. Rfc1 Rg4 21. Qxf7 R8g7 22. Qh5 R4g6 23. dxe6 Bxe6 24. Rb5 Qxa2 25. Rbxc5 Qxe2 26. Qh4 Rg8 27. Nd4 Qd2 28. Qe7 Bc8 29. Qc7+ 1-0

[Event "EOBCC 2020"]
[Site "Online"]
[Date "2020.12.18"]
[Round "11.48"]
[White "Postny, Evgeny"]
[Black "Rieger, Robert"]
[Result "1-0"]
[WhiteElo "2605"]
[BlackElo "2326"]
[Annotator "ChessBase"]
[PlyCount "53"]
[EventDate "2020.12.18"]
[EventType "tourn"]
[EventCountry "NET"]
[SourceTitle "playchess.com"]
[Source "ChessBase"]
[SourceQuality "1"]

1. e4 c5 2. d4 cxd4 3. c3 dxc3 4. Nxc3 Nc6 5. Nf3 e6 6. Bc4 a6 7. Bf4 Nge7 8. O-O Ng6 9. Bg3 h5 10. h3 h4 11. Bh2 Qf6 12. Re1 b5 13. Bb3 Bb7 14. Nd5 exd5 15. exd5+ Nce7 16. d6 Nf4 17. dxe7 Bxe7 18. Bxf4 Qxf4 19. Bd5 Rb8 20. Bxb7 Rxb7 21. Qd5 Qc7 22. Rac1 Qb8 23. Qg5 d6 24. Qxg7 Kd7 25. Qxf7 Qf8 26. Qe6+ Kd8 27. Rc8# 1-0

[Event "EOBCC 2020"]
[Site "Online"]
[Date "2020.12.18"]
[Round "11.49"]
[White "Megalios, Konstantinos"]
[Black "Sargsyan, Shant"]
[Result "1/2-1/2"]
[WhiteElo "2390"]
[BlackElo "2596"]
[Annotator "ChessBase"]
[PlyCount "84"]
[EventDate "2020.12.18"]
[EventType "tourn"]
[EventCountry "NET"]
[SourceTitle "playchess.com"]
[Source "ChessBase"]
[SourceQuality "1"]

1. d4 g6 2. c4 Bg7 3. e4 c5 4. d5 d6 5. Nf3 a6 6. a4 e6 7. Bd3 Nf6 8. O-O exd5 9. exd5 O-O 10. h3 Nbd7 11. Nc3 Re8 12. Bf4 Qc7 13. Bh2 Ne5 14. Nxe5 dxe5 15. a5 Bd7 16. Re1 Qd6 17. Bc2 Re7 18. Qd2 Rae8 19. Ba4 Bxa4 20. Nxa4 Nd7 21. Rab1 f5 22. b4 cxb4 23. Qxb4 Qxb4 24. Rxb4 Nf6 25. d6 Rd7 26. Rxe5 Rxe5 27. Bxe5 Nd5 28. Nb6 Nxb6 29. Bxg7 Nd5 30. cxd5 Kxg7 31. f4 Rxd6 32. Rxb7+ Kh6 33. Rb6 Rxd5 34. Rxa6 Rd4 35. g3 Ra4 36. Ra7 g5 37. fxg5+ Kxg5 38. Kf2 Ra2+ 39. Ke3 Ra3+ 40. Kf2 Ra2+ 41. Kf3 Ra3+ 42. Kf2 Ra2+ 1/2-1/2

[Event "EOBCC 2020"]
[Site "Online"]
[Date "2020.12.18"]
[Round "11.50"]
[White "Sevgi, Volkan"]
[Black "Djukic, Nikola"]
[Result "0-1"]
[WhiteElo "2359"]
[BlackElo "2521"]
[Annotator "ChessBase"]
[PlyCount "78"]
[EventDate "2020.12.18"]
[EventType "tourn"]
[EventCountry "NET"]
[SourceTitle "playchess.com"]
[Source "ChessBase"]
[SourceQuality "1"]

1. e4 c5 2. Nc3 Nc6 3. g3 g6 4. Bg2 Bg7 5. d3 d6 6. Be3 Rb8 7. Qd2 b5 8. h3 b4 9. Nd1 a5 10. Ne2 Nd4 11. O-O e6 12. Nc1 Ba6 13. c3 bxc3 14. bxc3 Nc6 15. Re1 Nge7 16. Bh6 O-O 17. Bxg7 Kxg7 18. d4 cxd4 19. cxd4 e5 20. d5 Nd4 21. f4 Qb6 22. Kh1 Rfc8 23. Ne3 Qb4 24. Qxb4 Rxb4 25. fxe5 dxe5 26. Nb3 a4 27. Nxd4 exd4 28. Ng4 Rc2 29. d6 Nc6 30. e5 Nd8 31. Be4 Bb7 32. Bxb7 Rxb7 33. Rad1 Ne6 34. Rf1 Rbb2 35. d7 h5 36. Rf6 hxg4 37. Rxe6 gxh3 38. Kg1 Rh2 39. Kf1 Rh1# 0-1

[Event "EOBCC 2020"]
[Site "Online"]
[Date "2020.12.18"]
[Round "11.52"]
[White "Rodin, Dmitrij"]
[Black "Kourkoulos-Arditis, Stamatis"]
[Result "1-0"]
[WhiteElo "2370"]
[BlackElo "2485"]
[Annotator "ChessBase"]
[PlyCount "81"]
[EventDate "2020.12.18"]
[EventType "tourn"]
[EventCountry "NET"]
[SourceTitle "playchess.com"]
[Source "ChessBase"]
[SourceQuality "1"]

1. e4 e6 2. d4 d5 3. Nd2 Be7 4. e5 c5 5. Qg4 Kf8 6. Ndf3 h5 7. Qf4 cxd4 8. Bd3 Nc6 9. Ne2 Nh6 10. Nexd4 Nxd4 11. Qxd4 Qa5+ 12. Bd2 Qc5 13. Qf4 Bd7 14. O-O Bb5 15. Rac1 Kg8 16. Be3 d4 17. Bxd4 Qb4 18. a3 Qa4 19. b3 Qa6 20. Bxb5 Qxb5 21. Bb2 Nf5 22. Nd4 Nxd4 23. Qxd4 Kh7 24. Qf4 Rhf8 25. Rfd1 g6 26. a4 Qc6 27. c4 Kg7 28. Rd6 Bxd6 29. Qf6+ Kh6 30. exd6 Rg8 31. Be5 Qe4 32. h4 Qf5 33. c5 Rad8 34. b4 a6 35. b5 axb5 36. axb5 Qxf6 37. Bxf6 Rd7 38. Be7 Rc8 39. c6 bxc6 40. bxc6 Ra7 41. c7 1-0

[Event "EOBCC 2020"]
[Site "Online"]
[Date "2020.12.18"]
[Round "11.54"]
[White "Stukan, Martin"]
[Black "Iskusnyh, Sergei"]
[Result "1-0"]
[WhiteElo "2342"]
[BlackElo "2473"]
[Annotator "ChessBase"]
[PlyCount "73"]
[EventDate "2020.12.18"]
[EventType "tourn"]
[EventCountry "NET"]
[SourceTitle "playchess.com"]
[Source "ChessBase"]
[SourceQuality "1"]

1. e4 e6 2. d4 d5 3. e5 c5 4. c3 Nc6 5. Nf3 Qb6 6. a3 Nh6 7. b4 cxd4 8. cxd4 Nf5 9. Be3 Nxe3 10. fxe3 g6 11. Bd3 Bh6 12. Qe2 Bd7 13. O-O O-O 14. Nbd2 Rac8 15. Nb3 Qd8 16. Nc5 b6 17. Nb7 Qe7 18. Nd6 Rcd8 19. Rac1 f6 20. b5 Nxe5 21. dxe5 fxe5 22. Nb7 e4 23. Nxd8 exd3 24. Qxd3 Rxd8 25. Kh1 Bg7 26. Nd4 Qh4 27. Nc6 Re8 28. Rf4 Qg5 29. Rcf1 Bxc6 30. bxc6 Be5 31. R4f3 Qh4 32. h3 Qa4 33. c7 Bxc7 34. Qc3 Qc4 35. Qf6 Qb5 36. Qf7+ Kh8 37. Qxc7 1-0

[Event "EOBCC 2020"]
[Site "Online"]
[Date "2020.12.18"]
[Round "11.55"]
[White "Kuzmicz, Krystian"]
[Black "Fecker, Noah"]
[Result "1-0"]
[WhiteElo "2469"]
[BlackElo "2329"]
[Annotator "ChessBase"]
[PlyCount "91"]
[EventDate "2020.12.18"]
[EventType "tourn"]
[EventCountry "NET"]
[SourceTitle "playchess.com"]
[Source "ChessBase"]
[SourceQuality "1"]

1. e4 c5 2. d3 Nc6 3. g3 g6 4. Bg2 Bg7 5. f4 d6 6. Nf3 e6 7. O-O Nge7 8. c3 O-O 9. Be3 Rb8 10. Bf2 b6 11. Na3 Ba6 12. Re1 Qd7 13. Nc2 b5 14. d4 cxd4 15. cxd4 d5 16. e5 b4 17. Rc1 Rfc8 18. g4 b3 19. axb3 Rxb3 20. Ne3 Rxb2 21. Bh4 Qb7 22. Bh3 Bh6 23. f5 exf5 24. gxf5 gxf5 25. Nxf5 Nxf5 26. Bxf5 Ne7 27. Bxc8 Nxc8 28. Qa4 Bb5 29. Qa5 Qd7 30. e6 fxe6 31. Rc7 Qe8 32. Qc3 Qg6+ 33. Bg3 Ra2 34. Rxc8+ Bf8 35. Ne5 Qf5 36. Qf3 a5 37. Qxf5 exf5 38. Nf3 Kf7 39. Ng5+ Kg6 40. Rxf8 Kxg5 41. Rg8+ Kf6 42. Be5+ Kf7 43. Rg7+ Kf8 44. Ra7 Bd3 45. Bd6+ Kg8 46. Re8# 1-0

[Event "EOBCC 2020"]
[Site "Online"]
[Date "2020.12.18"]
[Round "11.56"]
[White "Subelj, Jan"]
[Black "Owczarzak, Jerzy"]
[Result "1-0"]
[WhiteElo "2403"]
[BlackElo "2326"]
[Annotator "NA"]
[PlyCount "49"]
[EventDate "2020.12.18"]
[EventType "tourn"]
[EventCountry "NET"]
[SourceTitle "playchess.com"]
[Source "ChessBase"]
[SourceQuality "1"]

1. e4 e6 2. d4 d5 3. Nd2 Nf6 4. e5 Nfd7 5. c3 c5 6. Bd3 Nc6 7. Ne2 Qb6 8. Nf3 cxd4 9. cxd4 h6 10. O-O a5 11. a4 Be7 12. Be3 Nb4 13. Bb5 O-O 14. Nf4 Qd8 15. Nh5 f5 16. Nf4 Nb6 17. Ng6 Rf7 18. h4 Bd7 19. h5 Bxb5 20. axb5 Qd7 21. Qe2 a4 22. Rfc1 Ra5 23. Rc5 Bxc5 24. dxc5 Nc4 25. Nd4 1-0

[Event "EOBCC 2020"]
[Site "Online"]
[Date "2020.12.18"]
[Round "11.57"]
[White "Polok, Kacper"]
[Black "Borsuk, Konstantin"]
[Result "0-1"]
[WhiteElo "2272"]
[BlackElo "2401"]
[Annotator "NA"]
[PlyCount "56"]
[EventDate "2020.12.18"]
[EventType "tourn"]
[EventCountry "NET"]
[SourceTitle "playchess.com"]
[Source "ChessBase"]
[SourceQuality "1"]

1. e4 c5 2. Nc3 e6 3. g3 Nc6 4. Bg2 g6 5. d3 Bg7 6. Nf3 d6 7. O-O Nge7 8. h3 a6 9. Be3 Nd4 10. Ne2 Nxf3+ 11. Bxf3 Bxb2 12. Bh6 Bxa1 13. Qxa1 e5 14. Bg2 Be6 15. f4 Nc6 16. fxe5 dxe5 17. Bg7 Rg8 18. Bxe5 Nxe5 19. Qxe5 Rc8 20. Nf4 Qd4+ 21. Qxd4 cxd4 22. Rb1 b5 23. Rb4 Rxc2 24. Rxd4 Rxa2 25. e5 Ke7 26. Bd5 Rd8 27. Bxe6 Ra1+ 28. Kf2 Rxd4 0-1

[Event "EOBCC 2020"]
[Site "Online"]
[Date "2020.12.18"]
[Round "11.58"]
[White "Sargsyan, Anna M."]
[Black "Gabdrakhmanov, Azat"]
[Result "1-0"]
[WhiteElo "2402"]
[BlackElo "2319"]
[Annotator "NA"]
[PlyCount "93"]
[EventDate "2020.12.18"]
[EventType "tourn"]
[EventCountry "NET"]
[SourceTitle "playchess.com"]
[Source "ChessBase"]
[SourceQuality "1"]

1. d4 Nf6 2. c4 g6 3. g3 Bg7 4. Bg2 O-O 5. Nc3 d6 6. Nf3 c5 7. O-O Nc6 8. dxc5 dxc5 9. Be3 Qa5 10. Nd2 Nd4 11. Nb3 Nxb3 12. Qxb3 Be6 13. h3 Rab8 14. Bf4 Rbd8 15. Qxb7 Qb4 16. Qxb4 cxb4 17. Nb5 a6 18. Na7 Bxc4 19. Nc6 Rd7 20. Ne5 Rd4 21. Be3 Bxe2 22. Bxd4 Bxf1 23. Rxf1 Rd8 24. Nc6 Rd7 25. Bc5 e6 26. Bxb4 h5 27. Bf3 Nd5 28. Bxd5 exd5 29. Rd1 d4 30. Rd3 Kh7 31. Kf1 f5 32. f4 h4 33. gxh4 Kh6 34. Ne5 Rd5 35. Nf3 Kh5 36. Be1 a5 37. Bf2 Rb5 38. b3 a4 39. Bxd4 axb3 40. axb3 Bf8 41. Be5 Ra5 42. Rd8 Bh6 43. Rh8 Ra7 44. Kg2 Rd7 45. Kg3 Ra7 46. b4 g5 47. hxg5 1-0

[Event "EOBCC 2020"]
[Site "Online"]
[Date "2020.12.18"]
[Round "11.61"]
[White "Efimov, Igor"]
[Black "Stocek, Jiri"]
[Result "0-1"]
[WhiteElo "2416"]
[BlackElo "2604"]
[Annotator "ChessBase"]
[PlyCount "76"]
[EventDate "2020.12.18"]
[EventType "tourn"]
[EventCountry "NET"]
[SourceTitle "playchess.com"]
[Source "ChessBase"]
[SourceQuality "1"]

1. d4 Nf6 2. Nf3 d6 3. g3 Bf5 4. Bg2 c6 5. O-O Nbd7 6. b3 e5 7. dxe5 dxe5 8. Bb2 Qc7 9. Nbd2 Rd8 10. Nc4 e4 11. Nd4 Bg6 12. Qc1 b5 13. Ne3 Bc5 14. Rd1 O-O 15. a4 a6 16. axb5 axb5 17. Ndf5 Rfe8 18. Ra6 Qb7 19. Qa1 Ra8 20. Rxa8 Rxa8 21. Qc1 Qb6 22. Nd4 h5 23. h3 Re8 24. Qd2 Ne5 25. Ndf5 Bxf5 26. Nxf5 Bxf2+ 27. Kh2 e3 28. Qd6 Ned7 29. Nxg7 Kxg7 30. Qxd7 Re6 31. Qc8 Qc5 32. Rd8 Kg6 33. Bxf6 Kxf6 34. Rh8 Qd6 35. Rh6+ Kg5 36. Rxe6 Bxg3+ 37. Kg1 Bf2+ 38. Kh1 Qd1+ 0-1

[Event "EOBCC 2020"]
[Site "Online"]
[Date "2020.12.18"]
[Round "11.63"]
[White "Agrest, Evgenij"]
[Black "Djordjevic, Vuk"]
[Result "0-1"]
[WhiteElo "2568"]
[BlackElo "2350"]
[Annotator "ChessBase"]
[PlyCount "134"]
[EventDate "2020.12.18"]
[EventType "tourn"]
[EventCountry "NET"]
[SourceTitle "playchess.com"]
[Source "ChessBase"]
[SourceQuality "1"]

1. d4 e6 2. Bf4 Nf6 3. e3 d5 4. Nf3 Bd6 5. Bg5 c5 6. c4 cxd4 7. exd4 h6 8. Bh4 Qa5+ 9. Nc3 Bb4 10. Rc1 Qxa2 11. Bxf6 gxf6 12. Qd2 Bxc3 13. Rxc3 Nc6 14. Bd3 Qa1+ 15. Rc1 Qa5 16. Qxa5 Nxa5 17. cxd5 exd5 18. O-O Be6 19. Bb5+ Ke7 20. b4 Nc4 21. Bxc4 dxc4 22. Nd2 b5 23. Ne4 a5 24. bxa5 b4 25. Rfe1 Rxa5 26. Nc5 c3 27. Nd3 Rb8 28. Nc5 Kd6 29. f4 Bd5 30. Re3 b3 31. Nxb3 Rxb3 32. Rexc3 Rxc3 33. Rxc3 Ra1+ 34. Kf2 Ra2+ 35. Ke3 Rxg2 36. Rc8 Rxh2 37. f5 Rh4 38. Rd8+ Kc6 39. Re8 h5 40. Re7 Rg4 41. Re8 h4 42. Rh8 Bg2 43. Kf2 h3 44. Rh7 Rxd4 45. Rxf7 Rd2+ 46. Kg3 Rd6 47. Rf8 Kd5 48. Re8 Rc6 49. Kh2 Kd4 50. Re7 Rc5 51. Rd7+ Rd5 52. Re7 Rxf5 53. Re2 Re5 54. Rd2+ Ke4 55. Re2+ Kf5 56. Rf2+ Kg5 57. Ra2 f5 58. Rb2 Re1 59. Rb5 Rh1+ 60. Kg3 Be4 61. Rc5 h2 62. Ra5 Kf6 63. Ra6+ Ke5 64. Rh6 f4+ 65. Kf2 Ra1 66. Rxh2 Ra2+ 67. Kg1 Rxh2 0-1

[Event "EOBCC 2020"]
[Site "Online"]
[Date "2020.12.18"]
[Round "11.64"]
[White "Thybo, Jesper Sondergaard"]
[Black "Remizov, Yaroslav"]
[Result "1-0"]
[WhiteElo "2565"]
[BlackElo "2385"]
[Annotator "ChessBase"]
[PlyCount "101"]
[EventDate "2020.12.18"]
[EventType "tourn"]
[EventCountry "NET"]
[SourceTitle "playchess.com"]
[Source "ChessBase"]
[SourceQuality "1"]

1. Nf3 d5 2. e3 Nf6 3. c4 c6 4. Nc3 g6 5. d4 Bg7 6. Be2 O-O 7. O-O Bf5 8. Qb3 Qb6 9. Bd2 Nbd7 10. Qxb6 Nxb6 11. c5 Nbd7 12. b4 e5 13. Nxe5 Nxe5 14. dxe5 Nd7 15. g4 Be6 16. f4 f5 17. g5 b6 18. Na4 Rfb8 19. Rfb1 Bf8 20. cxb6 axb6 21. Nc3 c5 22. Bf3 d4 23. exd4 cxd4 24. Nb5 Ra4 25. Nxd4 Bc5 26. bxc5 Rxd4 27. Be3 Rd3 28. Kf2 bxc5 29. Rxb8+ Nxb8 30. a4 c4 31. a5 c3 32. a6 Nxa6 33. Rxa6 c2 34. Rxe6 Rxe3 35. Rc6 Rd3 36. Rxc2 h6 37. h4 hxg5 38. hxg5 Kf7 39. Rc7+ Ke8 40. Rc6 Kf7 41. Rf6+ Kg7 42. e6 Rd8 43. Bc6 Rd2+ 44. Ke3 Rd1 45. Ke2 Rc1 46. e7 Rc2+ 47. Kd3 Rh2 48. e8=Q Rh3+ 49. Kd4 Kh7 50. Qxg6+ Kh8 51. Rf8# 1-0

[Event "EOBCC 2020"]
[Site "Online"]
[Date "2020.12.18"]
[Round "11.65"]
[White "Abbasov, Farid"]
[Black "Godzwon, Iwo"]
[Result "1-0"]
[WhiteElo "2528"]
[BlackElo "2347"]
[Annotator "ChessBase"]
[PlyCount "137"]
[EventDate "2020.12.18"]
[EventType "tourn"]
[EventCountry "NET"]
[SourceTitle "playchess.com"]
[Source "ChessBase"]
[SourceQuality "1"]

1. d4 Nf6 2. c3 g6 3. Nf3 Bg7 4. Bf4 d6 5. h3 O-O 6. e3 b6 7. Be2 Bb7 8. O-O Nbd7 9. c4 Qe8 10. Nc3 e5 11. Bh2 Ne4 12. Nd5 Rc8 13. Rc1 f5 14. dxe5 Nxe5 15. Re1 Nxf3+ 16. Bxf3 Bxb2 17. Rc2 Bg7 18. Be2 Be5 19. Bxe5 Qxe5 20. Bf1 Bxd5 21. cxd5 Nc5 22. f3 Rfe8 23. Bb5 Re7 24. Bc6 Rf8 25. Rce2 Qc3 26. Rc2 Qa3 27. Qd4 Re5 28. Rce2 Rf7 29. Qh4 Rfe7 30. Qg5 Kg7 31. h4 h6 32. Qg3 Rxe3 33. f4 Rxe2 34. Qxa3 Rxe1+ 35. Kh2 R1e4 36. Qc3+ Kh7 37. Qf6 h5 38. Qf8 Rg7 39. g3 Re2+ 40. Kg1 a5 41. g4 hxg4 42. h5 Ree7 43. hxg6+ Kxg6 44. Be8+ Kh7 45. Qxf5+ Kg8 46. Bg6 Nd7 47. Kg2 Nf8 48. Bh5 g3 49. a4 Re3 50. Bg4 Ng6 51. Qc8+ Kh7 52. Qf5 Kg8 53. Qc8+ Nf8 54. Be6+ Rf7 55. Bxf7+ Kxf7 56. Qf5+ Ke7 57. Qg5+ Ke8 58. f5 Re5 59. Kxg3 Rxd5 60. Qh5+ Ke7 61. Kf3 Re5 62. Qg5+ Ke8 63. Qh5+ Ke7 64. Kg4 Nd7 65. Qh7+ Ke8 66. Qh8+ Nf8 67. Kg5 Re7 68. f6 Rh7 69. Qg8 1-0

[Event "EOBCC 2020"]
[Site "Online"]
[Date "2020.12.18"]
[Round "11.66"]
[White "Sadzikowski, Daniel"]
[Black "Kusa, Jakub"]
[Result "1/2-1/2"]
[WhiteElo "2528"]
[BlackElo "2336"]
[Annotator "ChessBase"]
[PlyCount "74"]
[EventDate "2020.12.18"]
[EventType "tourn"]
[EventCountry "NET"]
[SourceTitle "playchess.com"]
[Source "ChessBase"]
[SourceQuality "1"]

1. d4 Nf6 2. Nf3 e6 3. g3 d5 4. c4 dxc4 5. Bg2 Nc6 6. O-O a6 7. e3 Rb8 8. Nfd2 e5 9. Bxc6+ bxc6 10. dxe5 Ng4 11. Nxc4 Be6 12. Qxd8+ Rxd8 13. Nbd2 Bb4 14. h3 Bxd2 15. Nxd2 Nxe5 16. Kg2 Nd3 17. Nb3 Bd5+ 18. f3 Bxb3 19. axb3 Nxc1 20. Raxc1 Rd2+ 21. Rf2 Rxf2+ 22. Kxf2 Kd7 23. e4 Rb8 24. Rc3 a5 25. Ke3 c5 26. Kd3 Kc6 27. Kc2 Re8 28. Rd3 g6 29. g4 f5 30. exf5 gxf5 31. Kc3 f4 32. h4 Re2 33. h5 h6 34. Rd2 Re3+ 35. Rd3 Re2 36. Rd2 Re3+ 37. Rd3 Re2 1/2-1/2

[Event "EOBCC 2020"]
[Site "Online"]
[Date "2020.12.18"]
[Round "11.67"]
[White "Vedrickas, Tautvydas"]
[Black "Roshka, Yevgeniy"]
[Result "0-1"]
[WhiteElo "2395"]
[BlackElo "2476"]
[Annotator "ChessBase"]
[PlyCount "62"]
[EventDate "2020.12.18"]
[EventType "tourn"]
[EventCountry "NET"]
[SourceTitle "playchess.com"]
[Source "ChessBase"]
[SourceQuality "1"]

1. d4 g6 2. c4 Bg7 3. Nc3 d6 4. e4 e5 5. d5 a5 6. f3 Bh6 7. Bxh6 Qh4+ 8. g3 Qxh6 9. Qd2 Qxd2+ 10. Kxd2 f5 11. Bh3 Na6 12. Nge2 Nf6 13. Rhf1 Nc5 14. Nb5 Kd8 15. exf5 Bxf5 16. Bxf5 gxf5 17. f4 Rf8 18. Kc2 Ng4 19. Rfe1 Kd7 20. Nec3 c6 21. Na3 exf4 22. gxf4 Rae8 23. Rad1 Ne3+ 24. Rxe3 Rxe3 25. Nab1 Rg8 26. Rd2 Ne4 27. Nxe4 Rxe4 28. b3 Rxf4 29. Nc3 Rfg4 30. Ne2 c5 31. Ng3 f4 0-1

[Event "EOBCC 2020"]
[Site "Online"]
[Date "2020.12.18"]
[Round "11.68"]
[White "Matinian, Nikita"]
[Black "Samadov, Read"]
[Result "0-1"]
[WhiteElo "2470"]
[BlackElo "2332"]
[Annotator "ChessBase"]
[PlyCount "108"]
[EventDate "2020.12.18"]
[EventType "tourn"]
[EventCountry "NET"]
[SourceTitle "playchess.com"]
[Source "ChessBase"]
[SourceQuality "1"]

1. d4 Nf6 2. Nf3 e6 3. Bg5 d5 4. Nbd2 Be7 5. e3 O-O 6. c3 b6 7. Bd3 Bb7 8. Ne5 Nbd7 9. f4 Ne4 10. Bxe7 Qxe7 11. Bxe4 dxe4 12. Nxd7 Qxd7 13. Qc2 f5 14. Nc4 a5 15. Ne5 Qe7 16. O-O Kh8 17. c4 Rad8 18. c5 Bd5 19. Rac1 b5 20. c6 b4 21. Qc5 Qxc5 22. Rxc5 Ra8 23. a3 bxa3 24. bxa3 Rfb8 25. a4 Rb4 26. Rb5 Rxa4 27. Rb7 Rc8 28. Rfb1 Rb4 29. R1xb4 axb4 30. Rxb4 Kg8 31. Rb7 Kf8 32. Nd7+ Ke8 33. Nb8 Ke7 34. Kf2 Kd6 35. Kg3 Bxc6 36. Rb4 Bd5 37. Kh4 c5 38. dxc5+ Rxc5 39. g4 Rc3 40. gxf5 exf5 41. Kg5 g6 42. Na6 Rxe3 43. Rd4 Rd3 44. Ra4 e3 45. Nb4 Rd4 46. Ra6+ Kc5 47. Nc2 Re4 48. Ra5+ Kd6 49. Ra6+ Bc6 50. Ra1 e2 51. Re1 Bb5 52. Kh4 Rxf4+ 53. Kg3 Rf1 54. h4 Bd3 0-1

[Event "EOBCC 2020"]
[Site "Online"]
[Date "2020.12.18"]
[Round "11.69"]
[White "Polivanov, Anatoliy"]
[Black "Aliyev, Ravan"]
[Result "1-0"]
[WhiteElo "2452"]
[BlackElo "2330"]
[Annotator "ChessBase"]
[PlyCount "79"]
[EventDate "2020.12.18"]
[EventType "tourn"]
[EventCountry "NET"]
[SourceTitle "playchess.com"]
[Source "ChessBase"]
[SourceQuality "1"]

1. e4 c6 2. d4 d5 3. e5 Bf5 4. h4 h6 5. g4 Bd7 6. h5 e6 7. Nc3 c5 8. Nf3 cxd4 9. Nxd4 Nc6 10. Nxc6 Bxc6 11. Bg2 Bb4 12. Be3 Ne7 13. Bd4 Bb5 14. a3 Bxc3+ 15. Bxc3 Nc6 16. Qd2 d4 17. Bb4 Nxe5 18. f4 Nc4 19. Qd3 Qd7 20. O-O-O Ne3 21. Qxe3 dxe3 22. Rxd7 Bxd7 23. Bxb7 Rb8 24. Be4 f5 25. gxf5 exf5 26. Bd5 a5 27. Bd6 Rb6 28. Bc5 Rb5 29. b4 axb4 30. axb4 Rxc5 31. bxc5 Kd8 32. Re1 Re8 33. c6 Bc8 34. c4 Kc7 35. Kc2 Ba6 36. Kd3 Rd8 37. Kxe3 Kd6 38. Kd4 Bc8 39. c5+ Kc7 40. Re7+ 1-0

[Event "EOBCC 2020"]
[Site "Online"]
[Date "2020.12.18"]
[Round "11.70"]
[White "Walter, Szymon"]
[Black "Arabidze, Meri"]
[Result "0-1"]
[WhiteElo "2281"]
[BlackElo "2437"]
[Annotator "NA"]
[PlyCount "70"]
[EventDate "2020.12.18"]
[EventType "tourn"]
[EventCountry "NET"]
[SourceTitle "playchess.com"]
[Source "ChessBase"]
[SourceQuality "1"]

1. e4 c5 2. Nc3 Nc6 3. f4 e6 4. Nf3 a6 5. g3 d5 6. Bg2 d4 7. Ne2 Nf6 8. d3 Be7 9. O-O O-O 10. h3 b5 11. g4 Nd7 12. Ng3 c4 13. g5 Nc5 14. h4 cxd3 15. cxd3 Nb4 16. Ne1 Bb7 17. a3 Nc6 18. Nf3 f5 19. gxf6 Bxf6 20. Ng5 h6 21. e5 hxg5 22. exf6 gxh4 23. fxg7 Rf7 24. Nh5 Qe7 25. f5 exf5 26. Bd5 Ne5 27. Bxb7 Qxb7 28. Bf4 Ng4 29. b4 Ne6 30. Qb3 Nxf4 31. Nxf4 Kxg7 32. Qe6 Nf6 33. Qxf5 Rg8 34. Kh2 Qc7 35. Rae1 Kf8 0-1

[Event "EOBCC 2020"]
[Site "Online"]
[Date "2020.12.18"]
[Round "11.71"]
[White "Grigorian, Spartak"]
[Black "Pajeken, Jakob Leon"]
[Result "1-0"]
[WhiteElo "2433"]
[BlackElo "2323"]
[Annotator "NA"]
[PlyCount "123"]
[EventDate "2020.12.18"]
[EventType "tourn"]
[EventCountry "NET"]
[SourceTitle "playchess.com"]
[Source "ChessBase"]
[SourceQuality "1"]

1. Nf3 d5 2. c4 dxc4 3. e3 Nf6 4. Bxc4 e6 5. O-O c5 6. b3 Nc6 7. Bb2 Be7 8. Qc2 O-O 9. a3 b6 10. Ng5 g6 11. Nc3 Bb7 12. f4 Rc8 13. Nce4 Na5 14. Qc3 Nxc4 15. bxc4 Kg7 16. Nxf6 Bxf6 17. Qxf6+ Qxf6 18. Bxf6+ Kxf6 19. Nxh7+ Ke7 20. Nxf8 Rxf8 21. Rfd1 Rd8 22. d4 cxd4 23. Rxd4 Rc8 24. Rb1 Rc7 25. a4 f5 26. a5 Be4 27. axb6 Rb7 28. Rb2 axb6 29. Rd1 Rc7 30. Rc1 Rc6 31. h3 Kf6 32. g4 g5 33. Kf2 e5 34. Kg3 Rd6 35. fxe5+ Kxe5 36. Rb5+ Kf6 37. gxf5 Rd2 38. Rxb6+ Kxf5 39. Rf1+ Ke5 40. Rb5+ Ke6 41. Rf2 Rd1 42. Rxg5 Bd3 43. c5 Re1 44. Kf4 Rc1 45. Re5+ Kf6 46. Rd5 Bb1 47. Rd6+ Ke7 48. Rb6 Bd3 49. Rd2 Rc4+ 50. Ke5 Bf1 51. c6 Bxh3 52. Rb7+ Ke8 53. Kd6 Bg2 54. Rb8+ Kf7 55. Rxg2 Re4 56. Rf2+ Kg7 57. c7 Rxe3 58. c8=Q Rd3+ 59. Kc5 Rc3+ 60. Kd4 Rc6 61. Qxc6 Kh7 62. Rf7# 1-0